| 000 | 00453nam a2200181Ia 4500 | ||
|---|---|---|---|
| 001 | 20989 | ||
| 005 | 20260306172846.0 | ||
| 008 | 260306t2007||||xx |||||||||||||| ||spa|| | ||
| 041 | _aESP | ||
| 082 |
_a343.83 _bC83 |
||
| 100 |
_aCosio Jara, Fernando _eAUT |
||
| 245 | 0 |
_aManual de derecho aduanero: _bdoctrina - jurisprudencia |
|
| 260 | _c2007 | ||
| 300 |
_a948 páginas : _c24 cm. |
||
| 650 | _aGEN | ||
| 654 | _aCCO | ||
| 942 |
_cLIB _dJUS _fJUS _2ddc _n |
||
| 999 |
_c20989 _d20989 |
||